| 000 | 00989cam a22002774a 4500 | ||
|---|---|---|---|
| 005 | 20260322212049.0 | ||
| 008 | data | ||
| 010 | _a 2012001179 | ||
| 020 | _a9780835608930 | ||
| 020 | _a083560893X | ||
| 040 |
_aDLC _cDLC _dDLC |
||
| 050 | 0 | 0 |
_aBP189.23 _b.F73 2012 |
| 082 | 0 | 0 |
_a297.4 _223 |
| 092 | _a297.4 F73 2012 | ||
| 100 | 1 |
_aFrager, Robert, _d1940- |
|
| 245 | 1 | 0 |
_aSufi talks : _bteachings of an American Sufi Sheikh / _cRobert Frager. |
| 250 | _a1st Quest ed. | ||
| 260 |
_aWheaton, Ill. : _bQuest Books/Theosophical Publishing House, _c2012. |
||
| 300 |
_axviii, 293 p. ; _c23 cm. |
||
| 504 | _aIncludes bibliographical references and index. | ||
| 650 | 0 |
_aSufism _vMiscellanea. |
|
| 906 |
_a7 _bcbc _corignew _d1 _eecip _f20 _gy-gencatlg |
||
| 925 | 0 |
_aacquire _b2 shelf copies _xpolicy default |
|
| 955 |
_wrd05 2012-01-13 _frc20 2012-07-11 to BCCD _trf10 2012-08-22 copy 2 added |
||
| 001 | data | ||
| 999 |
_c1149 _d1149 |
||